000 00620nam a2200217Ia 4500
003 GCL
008 140319s9999 xx 000 0 ara d
040 _aGCL /
_cGCL
082 0 4 _aق
_b309.212
_bع ت
100 1 _aعبدالباسط عبدالعاطى
245 1 0 _aتوزيع الفقر فى القرية المصرية /
_cعبدالباسط عبدالعاطى
300 _a118 ص
490 _a
650 0 4 _aمصر
650 0 4 _aالتنمية الريفية
650 0 4 _aالاجور
650 0 4 _aالقرى
650 0 4 _aالقرويون
650 0 4 _aالحياة الريفية
942 _2ddc
_cBK
999 _c38322
_d38322